| 000 | 01235cam a2200313 a 4500 | ||
|---|---|---|---|
| 999 |
_c213 _d213 |
||
| 001 | 16011086 | ||
| 003 | GZU | ||
| 005 | 20200714113640.0 | ||
| 008 | 091207s2010 caua b 001 0 eng | ||
| 010 | _a 2009942949 | ||
| 020 | _a9780840032126 | ||
| 040 |
_aDLC _cDLC _dDLC |
||
| 042 | _apcc | ||
| 050 | 0 | 0 |
_aBF636.6 _b.N477 2010 |
| 100 | 1 | _aNeukrug, Ed. | |
| 245 | 1 | 0 |
_aCounseling theory and practice / _cEdward Neukrug. |
| 250 | _a1st ed. | ||
| 260 |
_aBelmont, CA : _bBrooks/Cole, Cengage Learning, _c2010. |
||
| 300 |
_axxiv, 631 p. : _bill. ; _c25 cm. |
||
| 504 | _aIncludes bibliographical references and index. | ||
| 650 | 0 | _aCounseling. | |
| 650 | 0 | _aPsychotherapy. | |
| 856 | 4 | 2 |
_3Contributor biographical information _uhttp://www.loc.gov/catdir/enhancements/fy1105/2009942949-b.html |
| 856 | 4 | 2 |
_3Publisher description _uhttp://www.loc.gov/catdir/enhancements/fy1105/2009942949-d.html |
| 856 | 4 | 1 |
_3Table of contents only _uhttp://www.loc.gov/catdir/enhancements/fy1105/2009942949-t.html |
| 906 |
_a7 _bcbc _corignew _d3 _eepcn _f20 _gy-gencatlg |
||
| 942 |
_2lcc _cBK _h636.6 _iNEU _kBF _m2011 |
||